|
|
|
|
| LEADER |
00000nam a2200000 a 4500 |
| 001 |
vtls001079173 |
| 003 |
SK-MaSNL |
| 005 |
20260301000816.0 |
| 008 |
161006s1995 xo ap r yy 0 slo |
| 015 |
|
|
|a SNBA1996/0100165
|
| 020 |
|
|
|a 8088751543
|c (200 výt.)
|
| 035 |
|
|
|a SNK000022008
|
| 040 |
|
|
|a SNK
|b slo
|c SNK
|e AACR2
|
| 041 |
0 |
|
|a slo
|
| 044 |
|
|
|a xo
|c SK
|
| 080 |
|
|
|a 343.98+351.74(082)
|2 1981
|
| 080 |
|
|
|a 351.74(082)
|2 1981
|
| 245 |
1 |
|
|a Kriminalistika a policajná prax
|b zborník materiálov z vedeckej konferencie konanej v dňoch 5.-6.4. 1995
|
| 260 |
|
|
|a Bratislava
|b Akadémia Policajného zboru Slovenskej republiky
|c 1995
|
| 300 |
|
|
|a 202 s.
|b Sch., tab.
|c 25 cm
|
| 500 |
|
|
|a Čiast. text čes.
|
| 504 |
|
|
|a Bibliogr.
|
| 650 |
0 |
7 |
|a kriminalistika
|x zborníky
|2 SNK
|9 278286
|
| 650 |
0 |
7 |
|a polícia
|x činnosť
|x zborníky
|2 SNK
|9 278287
|
| 655 |
|
7 |
|a zbierky
|2 SNK
|9 70533
|
| 919 |
|
|
|a 80-88751-54-3
|
| 958 |
|
|
|a RM
|
| 958 |
|
|
|a NB
|
| 958 |
|
|
|a OND
|
| 999 |
|
|
|c 533556
|d 535486
|
| 952 |
|
|
|a SNK
|b SNK
|y PREZ
|7 0
|p 17A1013930
|o snkSC 89291
|0 0
|1 0
|4 0
|d 2012-08-21
|f 1
|l 0
|r 2025-09-08 00:00:00
|w 2026-02-23
|
| 952 |
|
|
|t P60, <09>, [BOOK], {629}
|a SNK
|b SNK
|y NEVYP
|7 0
|o snkC 1897
|i snk3745/951103
|0 0
|1 0
|4 0
|d 1995-11-02
|l 0
|r 2004-12-31 00:00:00
|w 2026-02-23
|
| 952 |
|
|
|t P60, <03>, [BOOK], {603}
|a SNK
|b SNK
|y PREZ
|7 0
|o snkSC 89291
|i snkKSP 9195/95
|0 0
|1 0
|4 0
|d 1995-11-02
|l 0
|r 2004-12-31 00:00:00
|w 2026-02-23
|
| 952 |
|
|
|t P60, <04>, [BOOK], {604}
|a SNK
|b SNK
|y VYP
|7 0
|p 17A0005891
|o snkSC 89291 D1
|i snkKSP 9196/95
|0 0
|1 0
|4 0
|d 1995-11-02
|l 0
|r 2004-12-31 00:00:00
|w 2026-02-23
|